Ανατολική Ευρώπη - Κουίζ Χάρτη - Statistics

General Stats
  • This quiz has been taken 54 times
  • The average score is 18 of 21
Answers on the Map
Answers color-coded by a green-red scale on the quiz's map according to % correct below.
 
Answer Stats
Answer % Correct
Ουκρανία
94%
Αλβανία
94%
Πολωνία
90%
Λευκορωσία
90%
Εσθονία
90%
Μολδαβία
90%
Βουλγαρία
90%
Ρουμανία
90%
Κροατία
90%
Βόρεια Μακεδονία
90%
Ρωσία
87%
Ουγγαρία
87%
Κόσοβο
87%
Λιθουανία
84%
Λετονία
81%
Σερβία
81%
Τσεχία
77%
Σλοβενία
77%
Βοσνία και Ερζεγοβίνη
77%
Μαυροβούνιο
71%
Σλοβακία
68%
No matching quizzes found
Score Distribution
Percent of People with Each Score
Percentile by Number Answered
Your Score History
You have not taken this quiz